| 000 | 00629nam a2200181 i 4500 | ||
|---|---|---|---|
| 001 | 113398 | ||
| 003 | ES-MaACL | ||
| 005 | 20230906185857.0 | ||
| 007 | t| | ||
| 008 | 061121m19671968sp r ||||1| spa d | ||
| 100 | 1 |
_aPablo _bVI _cPapa, Santo. _9168351 |
|
| 245 | 1 | 3 |
_aLa encíclica de Paulo VI _b: Populorum Progressio / _cpapa Pablo VI ; introducción , comentario e índices por profesores de Ilades. |
| 260 |
_aBarcelona : _bHerder, _c1967-1968. |
||
| 300 |
_a175 p. ; _c18 cm. |
||
| 650 | 4 |
_aIglesia y problemas sociales- _xEncíclicas. _9137973 |
|
| 710 | 2 |
_aILADES (Chile) _94691 |
|
| 852 |
_aES-MaACL _jC-33673 _bR.64347 |
||
| 999 |
_c113398 _d113398 |
||